[Event "Karl Mala Memorial op 10th"]
[Site "Griesheim"]
[Date "2006.07.23"]
[Round "7"]
[White "Pietsch, Klaus"]
[Black "Kemeny, Matthias"]
[Result "0-1"]
[WhiteElo "1925"]
[BlackElo "2011"]
[PlyCount "88"]
[EventDate "2006.07.20"]
[EventType "swiss"]
[EventRounds "7"]
[EventCountry "GER"]
[SourceTitle "CBM 113 Extra"]
[Source "ChessBase"]
[SourceDate "2006.09.14"]
[SourceVersion "1"]
[SourceVersionDate "2006.09.14"]
[SourceQuality "1"]

1. d4 Nf6 2. Nf3 g6 3. c4 Bg7 4. Nc3 d5 5. cxd5 Nxd5 6. e4 Nxc3 7. bxc3 c5 8. Rb1 0-0 9. Be2 Qa5 10. Rb5 Qxc3+ 11. Bd2 Qa3 12. Qc2 Nc6 13. d5 Nb4 14. Qxc5 Nd3+ 15. Bxd3 Qxd3 16. Rb4 Bh3 17. Ng5 Bxg2 18. Rb3 Qa6 19. Rg1 h6 20. Rxg2 hxg5 21. Ra3 Qf6 22. Bxg5 Qa1+ 23. Qc1 Qd4 24. f3 Rac8 25. Qd2 Qc5 26. Qd3 f5 27. Be3 Bc3+ 28. Rxc3 Qxc3+ 29. Qxc3 Rxc3 30. Kd2 Ra3 31. Rxg6+ Kh7 32. Re6 Rf7 33. Bc5 Rxa2+ 34. Ke3 fxe4 35. fxe4 Rxh2 36. Bxe7 Rh1 37. d6 Rd1 38. Re5 Kg8 39. Rd5 Rxd5 40. exd5 Rh7 41. Kd4 Kf7 42. Bd8 Ke8 43. Bc7 Kd7 44. Bb8 a6 0-1

[Event "Karl Mala Memorial op 10th"]
[Site "Griesheim"]
[Date "2006.07.21"]
[Round "2"]
[White "Fassing, Daniel"]
[Black "Pietsch, Klaus"]
[Result "0-1"]
[WhiteElo "1556"]
[BlackElo "1925"]
[PlyCount "70"]
[EventDate "2006.07.20"]
[EventType "swiss"]
[EventRounds "7"]
[EventCountry "GER"]
[SourceTitle "CBM 113 Extra"]
[Source "ChessBase"]
[SourceDate "2006.09.14"]
[SourceVersion "1"]
[SourceVersionDate "2006.09.14"]
[SourceQuality "1"]

1. e4 e5 2. Nf3 Nc6 3. c3 Nf6 4. d4 d5 5. dxe5 Nxe4 6. Be3 Be7 7. Be2 0-0 8. Nbd2 Bg4 9. Qc2 Nxd2 10. Qxd2 Bxf3 11. Bxf3 Nxe5 12. Bxd5 c6 13. Be4 Qxd2+ 14. Bxd2 Rfe8 15. 0-0-0 Ng4 16. Rhf1 Bc5 17. f3 Nf2 18. Rde1 Nxe4 19. Rxe4 Rxe4 20. fxe4 Re8 21. Re1 Bd6 22. g3 f6 23. Kc2 Kf7 24. Kd3 Ke6 25. Bf4 Bc5 26. Be3 Rd8+ 27. Ke2 Bxe3 28. Kxe3 Ke5 29. h4 c5 30. b3 b5 31. Rf1 g6 32. h5 c4 33. bxc4 bxc4 34. hxg6 hxg6 35. Rb1 Rd3+ 0-1

[Event "Rhein Main op 09th"]
[Site "Bad Homburg"]
[Date "2006.06.16"]
[Round "4.19"]
[White "Pietsch, Klaus"]
[Black "Hilbenz, Guntram"]
[Result "0-1"]
[WhiteElo "1956"]
[BlackElo "2053"]
[PlyCount "72"]
[EventDate "2006.06.14"]
[EventType "swiss"]
[EventRounds "7"]
[EventCountry "GER"]
[SourceTitle "EXT 2007"]
[Source "ChessBase"]
[SourceDate "2006.11.23"]
[SourceVersion "1"]
[SourceVersionDate "2006.11.23"]
[SourceQuality "1"]

1. d4 d6 2. Nf3 Nf6 3. c4 Nbd7 4. Nc3 e5 5. e4 Be7 6. g3 c6 7. Bg2 0-0 8. 0-0 a6 9. a4 a5 10. h3 exd4 11. Nxd4 Nc5 12. Be3 Qb6 13. Qc2 Re8 14. f4 Bf8 15. Rae1 Be6 16. b3 Rad8 17. Kh2 Bc8 18. g4 Bxg4 19. hxg4 Nxg4+ 20. Kg3 Nxe3 21. Rxe3 Nxb3 22. Qxb3 Qxd4 23. Ne2 Qc5 24. Rd3 Re6 25. Kh2 Qh5+ 26. Rh3 Qxe2 27. Kg1 Rg6 28. Rf2 Qxe4 29. Qxb7 Re8 30. Kh2 Qxc4 31. Bxc6 Re2 32. Rxe2 Qxe2+ 33. Bg2 Qf2 34. Qe4 d5 35. Qxd5 Qxf4+ 36. Kh1 Qc1+ 0-1

[Event "Rhein Main op 09th"]
[Site "Bad Homburg"]
[Date "2006.06.15"]
[Round "2.41"]
[White "Pietsch, Klaus"]
[Black "Ploetz, Hans Juergen"]
[Result "1-0"]
[WhiteElo "1956"]
[BlackElo "1442"]
[PlyCount "97"]
[EventDate "2006.06.14"]
[EventType "swiss"]
[EventRounds "7"]
[EventCountry "GER"]
[SourceTitle "EXT 2007"]
[Source "ChessBase"]
[SourceDate "2006.11.23"]
[SourceVersion "1"]
[SourceVersionDate "2006.11.23"]
[SourceQuality "1"]

1. d4 Nf6 2. Nf3 d6 3. Nc3 c6 4. e4 Qa5 5. Qd3 Nbd7 6. Bd2 Qc7 7. 0-0-0 Ng4 8. Qe2 e5 9. h3 exd4 10. hxg4 dxc3 11. Bxc3 Ne5 12. Nxe5 dxe5 13. f3 Be6 14. Kb1 Bd6 15. Qe1 0-0-0 16. Ba5 b6 17. Ba6+ Kb8 18. Bc3 f6 19. a4 h6 20. Qe2 Bc5 21. b4 Bd6 22. Bc4 Bc8 23. Kb2 Qe7 24. Kb3 c5 25. b5 Bc7 26. Bd5 Rd6 27. Rd2 Rhd8 28. Rhd1 R6d7 29. Qc4 Rd6 30. a5 R6d7 31. Ra1 Bb7 32. axb6 Bxb6 33. Rad1 Bc8 34. Rd3 Rd6 35. Be1 g5 36. Bf2 Qc7 37. Rc3 Bb7 38. Bxc5 Bxc5 39. Qxc5 Qxc5 40. Rxc5 Rb6 41. c4 Bc8 42. Rh1 Rh8 43. Kb4 Bd7 44. Bf7 Rh7 45. Bg6 Rh8 46. Rd5 Kc7 47. Rhd1 Be6 48. c5 Rbb8 49. Rd6 1-0